USMNT former and current players college - Statistics

General Stats
  • This quiz has been taken 8 times
  • The average score is 10 of 19
Answer Stats
Playe School % Correct
Reggie Cannon UCLA
100%
Cobi Jones UCLA
100%
Matt Turner Fairfield
75%
Gregg Berhalter UNC
75%
Pablo Mastroeni UNC
75%
Alejandro Bedoya FDU | Boston College
63%
Clint Dempsey Furman
63%
Steve Cherundolo Portland
63%
Alexi Lalas Rutgers
63%
Tim Ream Saint Louis
63%
Brian McBride Saint Louis
63%
Claudio Reyna UVA
63%
Jeff Agoos UVA
63%
Graham Zusi Maryland
38%
Julian Gressel Providence
38%
DaMarcus Beasley IMG Academy
13%
Michael Bradley IMG Academy
13%
Landon Donovan IMG Academy
13%
Chris Wondolowski Chico State
0%
No matching quizzes found
Score Distribution
Percent of People with Each Score
Percentile by Number Answered
Your Score History
You have not taken this quiz